Vigencia del cardenismo /

Збережено в:
Бібліографічні деталі
Автор: Carmona, Fernando (coord.)
Формат: Книга
Мова:Іспанська
Опубліковано: México : Nuestro Tiempo : UNAM, Instituto de Investigaciones Económicas, 1990, c1980
Предмети:
Теги: Додати тег
Немає тегів, Будьте першим, хто поставить тег для цього запису!

MARC

LEADER 00000nam^a2200000^a^4500
001 000021503
005 20250521000000.0
009 20260310084418.143
020 |a 968-427-168-9 
037 |a Acervo ITESO - Biblioteca 
041 |a ESP 
082 |a 320. 9720638  |b CAR 
100 |a Carmona, Fernando  |e (coord.) 
245 1 0 |a Vigencia del cardenismo /  |c Coord. de F. Carmona. 
264 4 |a México :  |b Nuestro Tiempo :  |b UNAM, Instituto de Investigaciones Económicas,  |c 1990, c1980 
300 |a 183 p. 
336 |a texto  |b txt  |2 rdacontenido 
337 |a sin mediación  |b n  |2 rdamedio 
338 |a volumen  |b nc  |2 rdasoporte 
649 |a XX 
650 |a Ideología -  |z México -  |x Historia -  |y Régimen Cardenista, 1934-1940 
650 |a Política -  |z México -  |x Historia -  |y Régimen Cardenista, 1934-1940 
650 |a México -  |x Condiciones Políticas 
910 |a Fondo General 
920 |a Impresos - Libros 
930 |a Colección General 
905 |a 101 
901 |a 0215030100  |b IT1  |c ACC  |i 021503  |u 20250521 
902 |a https://opac.biblio.iteso.mx/vufind/Record/000021503